| 000 -LEADER |
| fixed length control field |
01246cam a22003377a 4500 |
| 001 - CONTROL NUMBER |
| control field |
18114845 |
| 005 - DATE AND TIME OF LATEST TRANSACTION |
| control field |
20180202075440.0 |
| 007 - PHYSICAL DESCRIPTION FIXED FIELD--GENERAL INFORMATION |
| fixed length control field |
co cga|||||||| |
| 008 - FIXED-LENGTH DATA ELEMENTS--GENERAL INFORMATION |
| fixed length control field |
140414s2011 ilua bp 001 0 eng |
| 010 ## - LIBRARY OF CONGRESS CONTROL NUMBER |
| LC control number |
2010907499 |
| 016 7# - NATIONAL BIBLIOGRAPHIC AGENCY CONTROL NUMBER |
| Record control number |
101590656 |
| Source |
DNLM |
| 020 ## - INTERNATIONAL STANDARD BOOK NUMBER |
| International Standard Book Number |
9781581104981 |
| 020 ## - INTERNATIONAL STANDARD BOOK NUMBER |
| International Standard Book Number |
1581104987 |
| 035 ## - SYSTEM CONTROL NUMBER |
| System control number |
(OCoLC)ocn712921620 |
| 040 ## - CATALOGING SOURCE |
| Original cataloging agency |
NLM |
| Language of cataloging |
eng |
| Transcribing agency |
NLM |
| Modifying agency |
YDXCP |
| -- |
WSU |
| -- |
VTM |
| -- |
PAU |
| -- |
CYB |
| -- |
CNMBL |
| -- |
ERN |
| -- |
OCLCA |
| -- |
OCLCF |
| -- |
UNBCA |
| -- |
DLC |
| 041 ## - LANGUAGE CODE |
| Language code of text/sound track or separate title |
eng |
| 042 ## - AUTHENTICATION CODE |
| Authentication code |
nlmcopyc |
| -- |
lccopycat |
| 060 00 - NATIONAL LIBRARY OF MEDICINE CALL NUMBER |
| Classification number |
2012 G-481 |
| 060 10 - NATIONAL LIBRARY OF MEDICINE CALL NUMBER |
| Classification number |
WQ 18.2 |
| 080 ## - UNIVERSAL DECIMAL CLASSIFICATION NUMBER |
| Universal Decimal Classification number |
618.2 |
| 082 ## - DEWEY DECIMAL CLASSIFICATION NUMBER |
| Edition number |
618.2 KAT |
| 100 ## - Rafti |
| Rafti |
10 |
| 101 ## - Shkurtesa |
| Shkurtesa |
GJIN |
| 245 00 - TITLE STATEMENT |
| Title |
Textbook of neonatal resuscitation / |
| Statement of responsibility, etc |
editor, John Kattwinkel ; associate editors, Jane E. McGowan, Jeanette Zaichkin ; assistant editors, Khalid Aziz ... [et al.] ; educational design editor, Jerry Short ; managing editors, Rachel Poulin, Wendy Marie Simon. |
| 246 1# - VARYING FORM OF TITLE |
| Title proper/short title |
Neonatal resuscitation |
| 246 1# - VARYING FORM OF TITLE |
| Title proper/short title |
Neonatal resuscitation textbook |
| 504 ## - BIBLIOGRAPHY, ETC. NOTE |
| Bibliography, etc |
Includes bibliographical references (p. 314-317) and index. |
| 906 ## - LOCAL DATA ELEMENT F, LDF (RLIN) |
| a |
7 |
| b |
cbc |
| c |
copycat |
| d |
2 |
| e |
epcn |
| f |
20 |
| g |
y-gencatlg |
| 942 ## - ADDED ENTRY ELEMENTS (KOHA) |
| Source of classification or shelving scheme |
|
| Item type |
Books |